00796 a2200205 4500952012100000999001500121020001800136020002400154050002300178245006000201250001900261264003300280300003100313500005100344504005100395650003100446650005100477700002800528942003400556 001040708NFICaMCLbMCLcGENd2021-05-13l0oLB 1556.7 PRI 2015p030094r2021-05-13 00:00:00tc.1w2021-05-13yBK c7916d7916 a9781473916074 a9781473916081 (pbk)00aLB 1556.7 PRI 201510aPrimary professional studies /cEdited by Alice Hansen. aThird edition. 1aLos Angeles :bSage,c[2015] aix, 330 :billustrations ; aIncludes bibliographical references and index. aIncludes bibliographical references and index. 0aElementary school teaching 0aElementary school teachersxInservice training1 aHansen, Alice,eeditor. 2lcccBKh1556.7 PRIiPRIkLB